Countries of Africa in Finnish (Picture Click) Quiz Stats

 Plays Quiz not verified by Sporcle

Score 0/54 Timer 10:00
0 Plays Today
% Correct
Egypti
91.2%
Madagaskar
90.9%
Algeria
90.3%
Libya
89.3%
Sudan
89%
Somalia
88.6%
Marokko
88.1%
Etelä-Sudan
87.8%
Etiopia
87.4%
Kongon demokraattinen tasavalta
87%
Etelä-Afrikka
86.6%
Tunisia
86.3%
Eritrea
85.8%
Tšad
85.2%
Niger
85.2%
Nigeria
85%
Mali
84.6%
Mosambik
84.6%
Angola
84.3%
Kenia
84.2%
Namibia
83.8%
Lesotho
83.1%
Kap Verde
82.8%
Mauritania
82.7%
Botswana
82.5%
Djibouti
82.4%
Tansania
81.7%
% Correct
Seychellit
80.3%
Malawi
80.3%
Zimbabwe
80.2%
Uganda
80%
Senegal
79.8%
Kamerun
79.5%
São Tomé ja Príncipe
79.5%
Swazimaa
79.5%
Burkina Faso
78.8%
Togo
78.7%
Ruanda
78.1%
Benin
77.6%
Burundi
77.2%
Keski-Afrikan tasavalta
76.8%
Gabon
76.3%
Komorit
75.9%
Kongon tasavalta
75.9%
Ghana
75.9%
Sambia
75.6%
Liberia
75.2%
Guinea
75.2%
Gambia
74.8%
Sierra Leone
74.6%
Päiväntasaajan Guinea
74.3%
Norsunluurannikko
74%
Mauritius
73.5%
Guinea-Bissau
72%

You're not logged in!

Compare scores with friends on all Sporcle quizzes.
OR
Log In

Show Comments

Extras

Top Quizzes Today


Score Distribution

Your Account Isn't Verified!

In order to create a playlist on Sporcle, you need to verify the email address you used during registration. Go to your Sporcle Settings to finish the process.

Report this User

Report this user for behavior that violates our Community Guidelines.

Details: